El periodismo filipino : (Record no. 20611)
[ view plain ]
| 000 -LEADER | |
|---|---|
| fixed length control field | 00637nam a2200181 a 4500 |
| 005 - DATE AND TIME OF LATEST TRANSACTION | |
| control field | 20140310183241.0 |
| 008 - FIXED-LENGTH DATA ELEMENTS--GENERAL INFORMATION | |
| fixed length control field | 041028s19uu xx 00 eng d |
| 020 ## - INTERNATIONAL STANDARD BOOK NUMBER | |
| International Standard Book Number | 9718703063 |
| 050 ## - LIBRARY OF CONGRESS CALL NUMBER | |
| Classification number | PN 5424 |
| Item number | .R313 1992 |
| 100 ## - MAIN ENTRY--PERSONAL NAME | |
| Personal name | Retana, Wenceslao E. |
| 245 ## - TITLE STATEMENT | |
| Title | El periodismo filipino : |
| Remainder of title | journalism in the Philippines (1811-1894) / |
| Statement of responsibility, etc | Wenceslao E. Retana. |
| 260 ## - PUBLICATION, DISTRIBUTION, ETC. (IMPRINT) | |
| Place of publication, distribution, etc | Manila : |
| Name of publisher, distributor, etc | Philippine Press Institute with financial support from Konrad Adenauer Foundation, |
| Date of publication, distribution, etc | 1992. |
| 300 ## - PHYSICAL DESCRIPTION | |
| Extent | 206 p. : |
| Other physical details | ill.; |
| Dimensions | 22 cm. |
| 521 ## - TARGET AUDIENCE NOTE | |
| Target audience note | |
| 650 ## - SUBJECT ADDED ENTRY--TOPICAL TERM | |
| Topical term or geographic name as entry element | Journalism |
| General subdivision | Philippines |
| -- | History |
| -- | 20th century. |
| 942 ## - ADDED ENTRY ELEMENTS (KOHA) | |
| Koha item type | Books |
| Source of classification or shelving scheme | Library of Congress Classification |
| Call number prefix | Local |
| Withdrawn status | Lost status | Source of classification or shelving scheme | Damaged status | Home library | Current library | Shelving location | Date acquired | Source of acquisition | Total Checkouts | Full call number | Barcode | Date last seen | Copy number | Price effective from | Koha item type |
|---|---|---|---|---|---|---|---|---|---|---|---|---|---|---|---|
| Library of Congress Classification | College Library | College Library | Filipiniana Section | Library Fund | PN 5424 .R313 1992 | C5007 | 05/08/2018 | 1 | 10/10/2013 | Books |